<?xml version="1.0" encoding="UTF-8"?>
<record
    xmlns:xsi="http://www.w3.org/2001/XMLSchema-instance"
    xsi:schemaLocation="http://www.loc.gov/MARC21/slim http://www.loc.gov/standards/marcxml/schema/MARC21slim.xsd"
    xmlns="http://www.loc.gov/MARC21/slim">

  <leader>01531cam a2200445 a 4500</leader>
  <datafield tag="999" ind1=" " ind2=" ">
    <subfield code="c">23256</subfield>
    <subfield code="d">23256</subfield>
  </datafield>
  <controlfield tag="001">vtls010355840</controlfield>
  <controlfield tag="005">20220615112941.0</controlfield>
  <controlfield tag="008">150827s2012    xo dl  f      000 0 slo  </controlfield>
  <datafield tag="020" ind1=" " ind2=" ">
    <subfield code="a">9788022533843 (bro&#x17E;.)</subfield>
  </datafield>
  <datafield tag="035" ind1=" " ind2=" ">
    <subfield code="a">DF30ED0E-DBBE-4790-8676-FC5A4F1C0DD3</subfield>
  </datafield>
  <datafield tag="035" ind1=" " ind2=" ">
    <subfield code="a">urn:nbn:sk:snk-amjkle</subfield>
  </datafield>
  <datafield tag="035" ind1=" " ind2=" ">
    <subfield code="a">urn:nbn:sk:snk-am0012gj</subfield>
  </datafield>
  <datafield tag="040" ind1=" " ind2=" ">
    <subfield code="a">SVKBB</subfield>
    <subfield code="b">slo</subfield>
    <subfield code="c">SVKBB</subfield>
    <subfield code="d">SNK</subfield>
    <subfield code="e">AACR2</subfield>
  </datafield>
  <datafield tag="041" ind1="0" ind2=" ">
    <subfield code="a">slo</subfield>
  </datafield>
  <datafield tag="044" ind1=" " ind2=" ">
    <subfield code="a">xo</subfield>
    <subfield code="c">SK</subfield>
  </datafield>
  <datafield tag="072" ind1=" " ind2="7">
    <subfield code="a">005</subfield>
    <subfield code="x">Mana&#x17E;ment. Riadenie</subfield>
    <subfield code="2">konspekt</subfield>
  </datafield>
  <datafield tag="080" ind1=" " ind2=" ">
    <subfield code="a">331.108.23</subfield>
    <subfield code="2">2001</subfield>
  </datafield>
  <datafield tag="080" ind1=" " ind2=" ">
    <subfield code="a">005.96</subfield>
    <subfield code="2">2001</subfield>
  </datafield>
  <datafield tag="080" ind1=" " ind2=" ">
    <subfield code="a">005.95/.96</subfield>
    <subfield code="2">2001</subfield>
  </datafield>
  <datafield tag="080" ind1=" " ind2=" ">
    <subfield code="a">(048.8)</subfield>
    <subfield code="2">2001</subfield>
  </datafield>
  <datafield tag="080" ind1=" " ind2=" ">
    <subfield code="a">005.94</subfield>
    <subfield code="2">2001</subfield>
  </datafield>
  <datafield tag="100" ind1="1" ind2=" ">
    <subfield code="a">Hvizdov&#xE1;, Eva</subfield>
    <subfield code="9">3093</subfield>
  </datafield>
  <datafield tag="245" ind1="1" ind2="0">
    <subfield code="a">Mana&#x17E;ment znalost&#xED;</subfield>
    <subfield code="b">person&#xE1;lne a technologick&#xE9; perspekt&#xED;vy</subfield>
    <subfield code="c">Eva Hvizdov&#xE1;, Andrej Miklo&#x161;&#xED;k</subfield>
  </datafield>
  <datafield tag="250" ind1=" " ind2=" ">
    <subfield code="a">1. vyd.</subfield>
  </datafield>
  <datafield tag="260" ind1=" " ind2=" ">
    <subfield code="a">Bratislava</subfield>
    <subfield code="b">Ekon&#xF3;m</subfield>
    <subfield code="c">2012</subfield>
  </datafield>
  <datafield tag="300" ind1=" " ind2=" ">
    <subfield code="a">150 s.</subfield>
    <subfield code="b">grafy, sch., tab.</subfield>
    <subfield code="c">30 cm</subfield>
  </datafield>
  <datafield tag="650" ind1="0" ind2="7">
    <subfield code="a">&#x13E;udsk&#xE9; zdroje</subfield>
    <subfield code="2">SNKPH</subfield>
    <subfield code="9">3094</subfield>
  </datafield>
  <datafield tag="650" ind1="0" ind2="7">
    <subfield code="a">mana&#x17E;ment &#x13E;udsk&#xFD;ch zdrojov</subfield>
    <subfield code="2">SNKPH</subfield>
    <subfield code="9">3095</subfield>
  </datafield>
  <datafield tag="650" ind1="0" ind2="7">
    <subfield code="a">person&#xE1;lny mana&#x17E;ment</subfield>
    <subfield code="2">SNKPH</subfield>
    <subfield code="9">3096</subfield>
  </datafield>
  <datafield tag="650" ind1="0" ind2="7">
    <subfield code="a">znalostn&#xFD; mana&#x17E;ment</subfield>
    <subfield code="2">SNKPH</subfield>
    <subfield code="9">3097</subfield>
  </datafield>
  <datafield tag="650" ind1="0" ind2="7">
    <subfield code="a">Human capital</subfield>
    <subfield code="2">SNKPHeng</subfield>
    <subfield code="9">3098</subfield>
  </datafield>
  <datafield tag="650" ind1="0" ind2="7">
    <subfield code="a">Human resources management</subfield>
    <subfield code="2">SNKPHeng</subfield>
    <subfield code="9">3099</subfield>
  </datafield>
  <datafield tag="650" ind1="0" ind2="7">
    <subfield code="a">Personnel management</subfield>
    <subfield code="2">SNKPHeng</subfield>
    <subfield code="9">3100</subfield>
  </datafield>
  <datafield tag="650" ind1="0" ind2="7">
    <subfield code="a">Knowledge management</subfield>
    <subfield code="2">SNKPHeng</subfield>
    <subfield code="9">3101</subfield>
  </datafield>
  <datafield tag="655" ind1=" " ind2="7">
    <subfield code="a">monografie</subfield>
    <subfield code="2">SNKPH</subfield>
    <subfield code="9">1661</subfield>
  </datafield>
  <datafield tag="655" ind1=" " ind2="7">
    <subfield code="a">Monographs</subfield>
    <subfield code="2">SNKPHeng</subfield>
    <subfield code="9">1662</subfield>
  </datafield>
  <datafield tag="700" ind1="1" ind2=" ">
    <subfield code="a">Miklo&#x161;&#xED;k, Andrej,</subfield>
    <subfield code="d">1980-</subfield>
    <subfield code="4">aut</subfield>
    <subfield code="9">3102</subfield>
  </datafield>
  <datafield tag="958" ind1=" " ind2=" ">
    <subfield code="a">NB</subfield>
  </datafield>
  <datafield tag="952" ind1=" " ind2=" ">
    <subfield code="0">0</subfield>
    <subfield code="1">0</subfield>
    <subfield code="2">udc</subfield>
    <subfield code="4">0</subfield>
    <subfield code="7">0</subfield>
    <subfield code="8">D</subfield>
    <subfield code="a">10000</subfield>
    <subfield code="b">10000</subfield>
    <subfield code="d">2022-06-15</subfield>
    <subfield code="i">21589</subfield>
    <subfield code="o">S1516</subfield>
    <subfield code="p">S1516</subfield>
    <subfield code="r">2022-06-15</subfield>
    <subfield code="w">2022-06-15</subfield>
    <subfield code="y">OLDO</subfield>
  </datafield>
</record>
